00869nam a2200241 a 450000100100000000500170001000800410002704000250006808200260009310000310011924500920015025000110024226000450025330000210029850000410031965000280036065000290038870000250041770000290044204900090047195201300048099900170061000002329920200930022125.0101201s1983 ch r 000 0 spa d aDO-SdBNPbspacBNPHU aCh863.44bC146a, 19831 aCalderón, Alfonso94798610aAntología del cuento chileno /cAlfonso Calderón , Pedro lastra , Carlos Santander. a2a ed. aSantiago, Chile :bUniversitaria,c1983. a341 p. ;c19 cm. aIncluye bibliografía p. [313-328]. 4aCuentos chilenos914649 4aLiteratura chilena931641 aLastra, Pedro9479871 aSantander, Carlos947988 aBNGR 001054708MOaGRbGRcCTd2010-12-01iLF1l0oCh863.44 C146a, 1983p23299-10r2020-06-25w2020-06-25y4ZPréstamo en sala c22796d22796